Kindness / (Record no. 109864)
[ view plain ]
| 000 -LEADER | |
|---|---|
| fixed length control field | 00625nam a2200205 a 4500 |
| 001 - CONTROL NUMBER | |
| control field | 1639 |
| 005 - DATE AND TIME OF LATEST TRANSACTION | |
| control field | 20140414131844.0 |
| 008 - FIXED-LENGTH DATA ELEMENTS--GENERAL INFORMATION | |
| fixed length control field | 010529s19uu xx 00 eng d |
| 020 ## - INTERNATIONAL STANDARD BOOK NUMBER | |
| International Standard Book Number | 0-89565-204-8 |
| 050 ## - LIBRARY OF CONGRESS CALL NUMBER | |
| Classification number | M 177.7 |
| Item number | M74 1981 |
| 100 ## - MAIN ENTRY--PERSONAL NAME | |
| Personal name | Moncure, Jane Belk |
| 245 ## - TITLE STATEMENT | |
| Title | Kindness / |
| Statement of responsibility, etc | by Jane Belk Moncure ; illustrated by Linda Hohag. |
| 260 ## - PUBLICATION, DISTRIBUTION, ETC. (IMPRINT) | |
| Place of publication, distribution, etc | Mankatao, MN : |
| Name of publisher, distributor, etc | The Child's World, |
| Date of publication, distribution, etc | 1981. |
| 300 ## - PHYSICAL DESCRIPTION | |
| Extent | 30 p. ; col. ill. ; cm. |
| 440 ## - SERIES STATEMENT/ADDED ENTRY--TITLE | |
| Title | Values to live by |
| 520 ## - SUMMARY, ETC. | |
| Summary, etc | Explores the nature of kindness. |
| 650 ## - SUBJECT ADDED ENTRY--TOPICAL TERM | |
| Topical term or geographic name as entry element | Kindness - Adresses, essays, lectures. |
| 650 ## - SUBJECT ADDED ENTRY--TOPICAL TERM | |
| Topical term or geographic name as entry element | Conduct of life. |
| Withdrawn status | Lost status | Damaged status | Use restrictions | Home library | Current library | Shelving location | Date acquired | Source of acquisition | Total Checkouts | Full call number | Barcode | Date last seen | Price effective from | Koha item type |
|---|---|---|---|---|---|---|---|---|---|---|---|---|---|---|
| Munich Library | Munich Library | Main Section | 12/21/2004 | M 177.7 M74 1981 | M0036 | 04/14/2014 | 04/14/2014 | Books |